000 00605cam a2200217 4500500
005 20260405003007.0
041 _afre
042 _adc
100 1 0 _aPortevin, Catherine
_eauthor
245 0 0 _aLa Panthère des neiges
260 _c2019.
500 _a24
690 _aFélin
690 _aMonde
690 _aPanthère
690 _aSylvain Tesson
690 _aTibet
690 _aVoyage
786 0 _nPhilosophie magazine | 134 | 11 | 2019-11-01 | p. 42-43 | 1951-1787
856 4 1 _uhttps://shs.cairn.info/magazine-philosophie-magazine-2019-11-page-42?lang=fr&redirect-ssocas=7080
999 _c2063301
_d2063301